000 00243nam a22000977a 4500
008 140207t xxu||||| |||| 00| 0 eng d
100 _aDefleur Dennis
_9679
245 _aUnderstanding Mass communication
300 _axiv, 637 p. :
942 _2ddc
_cBK
999 _c16938
_d16938